| 000 | 00372nam a2200157Ia 4500 | ||
|---|---|---|---|
| 008 | 230917s9999||||xx |||||||||||||| ||und|| | ||
| 040 |
_e156525 _aMAIN |
||
| 041 | _aEnglish | ||
| 082 | _a346.022 K143S | ||
| 100 | _aKapoor, S K | ||
| 245 | 0 | _aSamvida vidhi. I | |
| 250 | _a12th ed. | ||
| 260 |
_aallahabad _bCentral law _c2002 |
||
| 300 | _axxxi, 319 p. | ||
| 942 | _cBK | ||
| 999 |
_c115409 _d115409 |
||